000 00614nam a2200229Ia 4500
003 GCL
008 140319s9999 xx 000 0 eng d
020 _a0130803022
040 _aGCL /
_cGCL
082 0 4 _a006.3
_bR A
100 1 _aRUSSEL, STUART
245 1 0 _aARTIFICIAL INTELLIGENCE :
_bA MODERN APPROACH /
_cRUSSEL, STUART
700 1 _aNORVIG, PETER
260 _aنيويورك :
_bPRENTICE HALL ،
_c2003
300 _a32 CM ؛
_c1081 P
650 0 4 _aLEARNING
650 0 4 _aKNOWLEDGE
650 0 4 _aPLANNING
650 0 4 _aARTIFICIAL INTELLIGENCE
650 0 4 _aINFORMATION POLICY
942 _2ddc
_cBK
999 _c7265
_d7265